000 005310000a22001810004500
003 MACL
005 20160329155641.0
008 160329b xxu||||| |||| 00| 0 eng d
040 _aMACL
_cMACL
041 _aHindi
082 _a080
100 _aगौमत सुधा
_948719
245 _aअनमोल विचार
260 _bअमरसत्‍य प्रकाशन
_c2005
_aनई दिल्‍ली
350 _a150
650 _aजर्नलिलिज
_948720
942 _cHIN
_k080/GAU/J
_2ddc
999 _c12752
_d12752